MARC

LEADER 00000nam0a2200000 4500
001 45105
005 20231101210929.0
035 |a (RuTPU)RU\TPU\book\46858 
090 |a 45105 
100 |a 20021202d1978 k y0rusy50 ca 
101 1 |a rus  |c eng 
102 |a RU 
105 |a a z 001zy 
200 1 |a Физика электролитов  |a Процессы переноса в твердых электролитах и электродах  |e пер. с англ.  |f Под ред. Дж. Хладика 
210 |a Москва  |c Мир  |d 1978 
215 |a 555 с.  |c ил. 
320 |a Библиогр. в конце глав 
320 |a Предм. указ.: с. 545-548 
606 1 |a Электролиты твердые  |2 stltpush  |3 (RuTPU)RU\TPU\subj\68106  |9 83636 
610 1 |a физическая химия 
610 1 |a электролиты 
610 1 |a физика 
610 1 |a твердые электролиты 
610 1 |a электроды 
610 1 |a твердые растворы 
610 1 |a ядерный микроанализ 
610 1 |a ионный перенос 
610 1 |a ионные кристаллы 
610 1 |a диффузия 
610 1 |a электропроводность 
610 1 |a нитевидные кристаллы 
610 1 |a стекла 
610 1 |a ионообменные мембраны 
610 1 |a библиотека А. Г. Стромберга 
675 |a 544.6.018.4  |v 3 
702 1 |a Хладик  |b Дж.  |4 340 
801 1 |a RU  |b 63413507  |c 20021202  |g PSBO 
801 2 |a RU  |b 63413507  |c 20170920  |g PSBO 
942 |c BK